Guess the One Direction song with no hints #7 - Statistics

General Stats
  • This quiz has been taken 63 times
  • The average score is 266 of 343
Answer Stats
Answer % Correct
I
100%
a
98%
you
98%
You
98%
(You
98%
and
96%
And
96%
On
94%
on
94%
who
94%
your
94%
be
92%
go
92%
the
92%
The
92%
when
92%
When
92%
where
92%
in
88%
so
88%
to
88%
Don't
86%
don't
86%
(Don't
86%
ever
86%
for
86%
If
86%
I'm
86%
is
86%
it),
86%
it
86%
it,
86%
it)
86%
my
86%
no,
84%
No
84%
this
84%
I've
82%
were
82%
(Yeah)
82%
all
80%
know,
80%
know
80%
like
80%
of
80%
oh,
80%
ooh,
80%
Been
78%
been
78%
but
78%
never
78%
Never,
78%
never,
78%
never)
78%
Never
78%
That
78%
will
78%
got
76%
they
76%
are
73%
feel
73%
I'll
73%
not
73%
forget
71%
home
71%
Home
71%
own
71%
was
71%
song
69%
off
67%
should
67%
alone,
65%
belong,
65%
belong
65%
how
65%
sun
65%
Seen
63%
won't
63%
up
61%
world
61%
around
59%
back
59%
everything
59%
things
59%
moon
57%
proof
57%
rising
57%
always
55%
faces,
55%
lot
55%
need
55%
nights
55%
places,
55%
dreaming,
53%
gone
53%
long
53%
out
53%
they're
53%
away
51%
done
51%
horizon,
51%
knowing
51%
leaving,
51%
Lights
51%
taking
51%
think
51%
well,
51%
days,
49%
Even
47%
forgetting
47%
ages,
45%
stars
45%
Made
43%
pages
43%
through
43%
cases,
41%
far
41%
free
41%
memory
41%
wrong
41%
matter
39%
packing
37%
changes,
35%
Living
35%
Short
33%
skies,
33%
written
33%
run
31%
flicking
29%
hmm,
16%
No matching quizzes found
Score Distribution
Percent of People with Each Score
Percentile by Number Answered
Your Score History
You have not taken this quiz